01244 a2200157 45000010006000000050017000060080041000230030015000640400040000790800039001192450093001582640035002513000019002865050763003051000018010685496620260407155825.0260407a1966 arg spa dAR-UNSa-BCEJYS aAR-UNSa-BCEJYSbspacAR-UNSa-BCEJYS a167xInvestigación científica 10aLa estructura de la cienciapproblemas de la lógica de la investigación científica 1aBuenos Aires :bPaidósc1966 a543 p.c23 cm. a1. La ciencia y el sentido común – 2. Modelo de explicación científica – 3. El modelo deductivo de explicación – 4. El carácter lógico de las leyes científicas – 5. Las leyes experimentales y las teorías – 6. El status cognoscitivo de las teorías – 7. Las explicaciones mecánicas y la ciencia de la mecánica – 8. El espacio y la geometría – 9. La geometría y la física – 10. Casualidad e indeterminismo en la teoría física – 11. La reducción de teorías – 12. Explicación mecanicista y biología organicista – 13. Problemas metodológicos de las ciencias sociales – 14. Explicación y comprensión de las ciencias sociales – 15. Problemas de la lógica de la investigación histórica. 1 aNagel, Ernest